¿Ha muerto la revolución mexicana? : causas, desarrollo y crisis.

Сохранить в:
Библиографические подробности
Главный автор: Ross, Stanley R. (autor)
Другие авторы: Cabrera, Lui (autor) (autor)
Формат:
Язык:испанский
Серии:(Sepsetentas ; no. 21)
Предметы:
Метки: Добавить метку
Нет меток, Требуется 1-ая метка записи!

MARC

LEADER 00000cam^a2200000uu^4500
001 000478851
005 20250521000000.0
008 050901s1972^^^^^^^^^^^^rd^r^^000^0^spa^d
009 20260310124924.274
035 |a FCE 000021851 
035 |a FCE 000330 
037 |a Acervo ITESO - Biblioteca 
041 |a spa 
082 0 4 |a 082.1  |b SEP 21 
100 |a Ross, Stanley R.  |e (autor) 
245 1 0 |a ¿Ha muerto la revolución mexicana? :  |b causas, desarrollo y crisis. 
264 |a México :  |b SEP,  |c 1972. 
300 |a 203 p. 
336 |a texto  |b txt  |2 rdacontenido 
337 |a sin mediación  |b n  |2 rdamedio 
338 |a volumen  |b nc  |2 rdasoporte 
440 0 |a (Sepsetentas ;  |v no. 21) 
649 |a XX 
650 |a Historia 
650 |a Revolución Mexicana 
700 |a Cabrera, Lui  |e (autor) 
910 |a Fondo Centro de Estudios Educativos 
920 |a Impresos - Libros 
930 |a Fondos Especiales 
905 |a 133 
901 |a ALE000330  |b IT2  |c CEE  |u 20250521 
902 |a https://opac.biblio.iteso.mx/vufind/Record/000478851